000 00879 a2200193 4500
001 54917
005 20260407155824.0
008 260407a1973 arg spa d
003 AR-UNSa-BCEJYS
040 _aAR-UNSa-BCEJYS
_bspa
_cAR-UNSa-BCEJYS
080 _a330(8)
_xEconomía de América del Sur. Estados y Regiones de América del Sur. América Latina. Iberoamérica
245 1 0 _aCambios de estructura en América Latina
264 1 _aBuenos Aires :
_bCuenca Ediciones
_c1973
300 _a223 p.
_c20 cm.
505 _aI. Las estructuras de la sociedad - II. La estructura de las clases sociales - III. La estructura económica y la estructura productiva - IV. La estructura del poder - V. La estructura ideológica - VI. El proceso de cambio - VII. Los cambios de estructura
942 _cBK
590 _aniveau_biblio:m niveau_hierar:0
100 1 _aCholvis, Francisco
999 _c5826
_d5826